Voices in family psychology / (Record no. 544492)

000 -LEADER
fixed length control field 00651cam a2200205 a 4500
020 ## - INTERNATIONAL STANDARD BOOK NUMBER
International Standard Book Number 0803933363 (v. 1)
020 ## - INTERNATIONAL STANDARD BOOK NUMBER
International Standard Book Number 0803937946 (v. 2)
082 00 - DEWEY DECIMAL CLASSIFICATION NUMBER
Classification number 616.89156
Author Mark KAS
-- D
100 ## - MAIN ENTRY--PERSONAL NAME
Personal name Florence W. Kaslow
9 (RLIN) 40129
245 00 - TITLE STATEMENT
Title Voices in family psychology /
Statement of responsibility, etc. edited by Florence W. Kaslow.
260 ## - PUBLICATION, DISTRIBUTION, ETC.
Place of publication, distribution, etc. Newbury Park :
Name of publisher, distributor, etc. Sage Publications,
Date of publication, distribution, etc. c1990.
300 ## - PHYSICAL DESCRIPTION
Extent 456 p ;
Dimensions 24 cm
526 ## - STUDY PROGRAM INFORMATION NOTE
Program name 0
Interest level 0
Reading level 0
Title point value 616_891560000000000_KAS
526 ## - STUDY PROGRAM INFORMATION NOTE
Program name 0
Interest level 0
Reading level 0
Title point value 616_891560000000000_KAS
650 #0 - SUBJECT ADDED ENTRY--TOPICAL TERM
Topical term or geographic name entry element Family psychotherapy.
9 (RLIN) 40130
650 #2 - SUBJECT ADDED ENTRY--TOPICAL TERM
Topical term or geographic name entry element Family Therapy.
9 (RLIN) 40131
650 #2 - SUBJECT ADDED ENTRY--TOPICAL TERM
Topical term or geographic name entry element NUST
9 (RLIN) 6342
700 1# - ADDED ENTRY--PERSONAL NAME
Personal name Kaslow, Florence Whiteman.
9 (RLIN) 40132
942 ## - ADDED ENTRY ELEMENTS (KOHA)
Source of classification or shelving scheme
Koha item type Book
Holdings
Withdrawn status Lost status Source of classification or shelving scheme Damaged status Not for loan Permanent Location Current Location Date acquired Total Checkouts Full call number Barcode Date last seen Date last checked out Price effective from Koha item type Copy number
          Military College of Engineering (MCE) Military College of Engineering (MCE) 05/07/2014 1 616.89156 KAS MCE-44818 05/07/2014 05/07/2014 05/07/2014 Book  
          Military College of Engineering (MCE) Military College of Engineering (MCE) 05/07/2014   616.89156 KAS MCE-44817 05/07/2014   05/07/2014 Book 2
© 2023 Central Library, National University of Sciences and Technology. All Rights Reserved.